LEADER 01124nam0 22002891i 450 001 SUN0019726 005 20040713120000.0 010 $a88-15-02487-5 100 $a20040713d1990 |0itac50 ba 101 $aita 102 $aIT 105 $a|||| ||||| 200 1 $aMetodi di ricerca in psicologia dello sviluppo$fa cura di Luigia Camaioni e Francesca Simion 210 $aBologna$cIl mulino$d[1990] 215 $a356 p.$d22 cm. 606 $aPsicologia infantile$xRicerche$xMetodo$2FI$3SUNC008383 620 $dBologna$3SUNL000003 676 $a155.4072$v21 702 1$aCamaioni$b, Luigia$3SUNV013118 702 1$aSimion$b, Francesca$3SUNV015907 712 $aIl mulino$3SUNV000011$4650 801 $aIT$bSOL$c20181109$gRICA 912 $aSUN0019726 950 $aUFFICIO DI BIBLIOTECA DEL DIPARTIMENTO DI PSICOLOGIA$d16 CONS 77 $e16 VS 1621 995 $aUFFICIO DI BIBLIOTECA DEL DIPARTIMENTO DI PSICOLOGIA$bIT-CE0119$gVS$h1621$kCONS 77$oc$qa 996 $aMetodi di ricerca in psicologia dello sviluppo$9965896 997 $aUNICAMPANIA LEADER 01198nam2 22002893i 450 001 IEI0204813 005 20231121125509.0 100 $a20110922d2003 ||||0itac50 ba 101 | $aeng 102 $ait 181 1$6z01$ai $bxxxe 182 1$6z01$an 200 1 $aCarte di riso$eFar Eastern cartography with a complete catalogue of the collection of Chinese and Japanese maps owned by the Societą geografica italiana$fa cura di Claudio Cerreti 210 $aRoma$cSocieta geograficą italiana$d2003 215 $a345$cill.$d24 cm. 461 1$1001RAV0100232$12001 $aMemorie della Societą geografica italiana$v69 702 1$aCerreti$b, Claudio$3CFIV044208 710 02$aSocietą geografica italiana$3RAVV032012$4070$0270462 801 3$aIT$bIT-01$c20110922 850 $aIT-RM1163 $aIT-FR0017 899 $aIstituto Centrale Restauro Conservazione Patrimonio Archivistico Librario$bRM1163 $4S 899 $aBiblioteca umanistica Giorgio Aprea$bFR0017 912 $aIEI0204813 950 2$aBiblioteca umanistica Giorgio Aprea$e 52FLS0000302572 $f 977 $a 36 996 $aCarte di riso$963668 997 $aUNICAS